Rembrandt: the master & his workshop. (Record no. 88920)

MARC details
000 -LEADER
campo de control de longitud fija 01431nam a2200325 i 4500
001 - NÚMERO DE CONTROL
campo de control 88920
003 - IDENTIFICADOR DE NÚMERO DE CONTROL
campo de control ES-MaACL
005 - FECHA Y HORA DE LA ÚLTIMA TRANSACCIÓN
campo de control 20250620063018.0
007 - CAMPO FIJO DE DESCRIPCIÓN FÍSICA--INFORMACIÓN GENERAL
campo de control de longitud fija t|
008 - DATOS DE LONGITUD FIJA--INFORMACIÓN GENERAL
campo de control de longitud fija 041228s1991 xxk ||||1| eng d
020 ## - NÚMERO INTERNACIONAL ESTÁNDAR DEL LIBRO
Número Internacional Estándar del Libro 0-300-05151-4
080 ## - NÚMERO DE LA CLASIFICACIÓN DECIMAL UNIVERSAL
Número de la Clasificación Decimal Universal 76 Rembrandt Harmenszoon van Rijn
100 0# - ENTRADA PRINCIPAL--NOMBRE DE PERSONA
Nombre de persona Rembrandt Harmenszoon van Rijn,
Fechas asociadas al nombre 1606-1669
9 (RLIN) 96120
245 10 - MENCIÓN DEL TÍTULO
Título Rembrandt: the master & his workshop.
Número de parte o sección de la obra , . 2,
Nombre de parte o sección de la obra Drawings & etchings /
Mención de responsabilidad, etc. Holm Bevers, Peter Schatborn, Barbara Welzel.
260 ## - PUBLICACIÓN, DISTRIBUCIÓN, ETC.
Lugar de publicación, distribución, etc. London :
Nombre del editor, distribuidor, etc. Yale University Press :
-- National Gallery Publications,
Fecha de publicación, distribución, etc. [1991]
300 ## - DESCRIPCIÓN FÍSICA
Extensión 288 p. :
Otras características físicas il. col. y n. ;
Dimensiones 29 cm.
500 ## - NOTA GENERAL
Nota general Exposición: Kupferstichkabinett SMPK at the Altes Museum, Berlin 12 September 1991-27 October 1991 ; Rijksmuseum, Amsterdam, 4 December 1991- 19 January 1992 ; The National Gallery, London, 26 March 1992 -24 May 1992.
504 ## - NOTA DE BIBLIOGRAFÍA, ETC.
Nota de bibliografía, etc. Bibliografía.
600 04 - PUNTO DE ACCESO ADICIONAL DE MATERIA--NOMBRE DE PERSONA
Nombre de persona Rembrandt Harmenszoon van Rijn,
Fechas asociadas al nombre 1606-1669-
Subdivisión de forma Exposiciones
9 (RLIN) 96121
655 #7 - TERMINO DE INDIZACIÓN--GENERO/FORMA
Fuente del término tgfbne
9 (RLIN) 193628
Datos o término principal de género/forma Catálogos de exposiciones
700 1# - ENTRADA AGREGADA--NOMBRE PERSONAL
Nombre de persona Bevers, Holm.
9 (RLIN) 28716
700 1# - ENTRADA AGREGADA--NOMBRE PERSONAL
Nombre de persona Schatborn, Peter.
9 (RLIN) 104244
700 1# - ENTRADA AGREGADA--NOMBRE PERSONAL
Nombre de persona Welzel, Barbara.
9 (RLIN) 116473
710 2# - ENTRADA AGREGADA--NOMBRE DE ENTIDAD CORPORATIVA
Nombre de entidad corporativa o nombre de jurisdicción como elemento de entrada Staatliche Museen Preussischer Kulturbesitz. Kupferstichkabinett.
9 (RLIN) 6887
710 2# - ENTRADA AGREGADA--NOMBRE DE ENTIDAD CORPORATIVA
Nombre de entidad corporativa o nombre de jurisdicción como elemento de entrada Rijksmuseum (Amsterdam)
9 (RLIN) 6450
710 2# - ENTRADA AGREGADA--NOMBRE DE ENTIDAD CORPORATIVA
Nombre de entidad corporativa o nombre de jurisdicción como elemento de entrada National Gallery (Londres)
9 (RLIN) 5970
852 ## - LOCALIZACIÓN
Ubicación ES-MaACL
Número de control de estantería E-10749
Sublocalización o colección R.134939
942 ## - ELEMENTOS DE ENTRADA SECUNDARIOS (KOHA)
Fuente del sistema de clasificación o colocación Clasificación decimal universal
Holdings
Estatus retirado Estado de pérdida Estado de daño No para préstamo Biblioteca de origen Biblioteca actual Ubicación en estantería Fecha de adquisición Fuente de adquisición Total de préstamos Signatura topográfica completa Código de barras Visto por última vez Precio de reemplazo Tipo de ítem Koha
        Biblioteca del Ateneo de Madrid Biblioteca del Ateneo de Madrid Depósito 2 17/01/2008     E-10749 1092873 23/02/2023 23/02/2023 Libro impreso